00761 a2200181 4500003000500000005001700005040000900022082001600031100002600047245006700073260003100140300001000171505022200181650002100403942001200424999001900436952012400455Nust20221012142620.0 cNust a541.395,TAM aTamaru ,Kenzi9100033 aCatalysis by Electron Donor Acceptor Complexes /cKenzi Tamaru aTokyobHalsted Pressc1975 a208:P aIntroduction (Page-1), Formation of EDA Complexes (Page-9), Homogeneous Catalysis by EDA Complex (Page-53), Heterogeneous catalysis by EDA Complex (Page-93), The Role of EDA Complex in Biochemical Reaction(Page-159).  aElectron9100034 2ddccBK c183705d183705 00102ddc4070aMCSbMCScGENd2016-12-12o541.395,TAMpMCS7408r2016-12-08w2016-12-12yBKzAlmirah No.25, Shelf No.4